000 01527nam2a2200253 4500
001 RU\NLR\BIBL_A\022213544
005 20250625161443.0
035 _a(NLR Aleph) 022213544
090 _a13080324
_c13080324
100 _a20060512d1842 |||y0rusy50 ca
101 0 _arus
102 _aRU
105 _ay z 000ay
200 1 _a[Миргород
_eповести, служащия продолжением "Вечеров на хуторе близ Диканьки"]
210 _d1842
_aБ. м.
215 _a490, [1] с.
327 1 _aСодерж.: Старосветские помещики ; Тарас Бульба ; Вий ; Повесть о том, как поссорился Иван Иванович с Иваном Никифоровичем. В кн. также: Малороссийския слова, встречающияся в 1 и 2 томах
461 0 _1001v19\rc\1391391
_12001#$aСочинения Николая Гоголя$vТ. 2
_1700#1$aГоголь$bН.В.$f1809-1852$gНиколай Васильевич$3RU\NLR\AUTH\773480
_95513712
_aГоголь, Н. В. (1809-1852)
_cСанктпетербург [Санкт-Петербург]
_d1842
_nв Типографии А. Бородина и К°
_p4 т.
_tСочинения Николая Гоголя
_vТ. 2
518 1 _aМалороссийские слова, встречающиеся в 1-м и 2-м томах
852 _aNLR
_j18.340.77(2)
942 _cBOOK
980 _aNB